000 00254nam a2200085Ia 4500
245 0 _aDoing research
100 _a Lategan, Laetus O K. [Bloemfontein, South Africa], 2011 Rev. ed
_956610
942 _cBK
008 210817s9999 xx 000 0 und d
999 _c323156
_d323155